<?xml version="1.0" encoding="UTF-8"?>
<record
    xmlns:xsi="http://www.w3.org/2001/XMLSchema-instance"
    xsi:schemaLocation="http://www.loc.gov/MARC21/slim http://www.loc.gov/standards/marcxml/schema/MARC21slim.xsd"
    xmlns="http://www.loc.gov/MARC21/slim">

  <leader>01072nam a22002774i 4500</leader>
  <datafield tag="999" ind1=" " ind2=" ">
    <subfield code="c">7955</subfield>
    <subfield code="d">7955</subfield>
  </datafield>
  <controlfield tag="001">991061193758906706</controlfield>
  <controlfield tag="003">OSt</controlfield>
  <controlfield tag="005">20241029120645.0</controlfield>
  <controlfield tag="008">241003s202409  spc||||fr|||| 00| 0|cat|c</controlfield>
  <datafield tag="017" ind1=" " ind2=" ">
    <subfield code="a">DL T. 829-2024</subfield>
    <subfield code="b">Biblioteca de Catalunya</subfield>
  </datafield>
  <datafield tag="020" ind1=" " ind2=" ">
    <subfield code="a">9788413651644</subfield>
  </datafield>
  <datafield tag="040" ind1=" " ind2=" ">
    <subfield code="a">ES-TaURV</subfield>
    <subfield code="b">cat</subfield>
    <subfield code="e">rda</subfield>
    <subfield code="c">CDMR</subfield>
  </datafield>
  <datafield tag="100" ind1="1" ind2=" ">
    <subfield code="a">Mestre i Prat de P&#xE0;dua, Maria,</subfield>
  </datafield>
  <datafield tag="245" ind1="1" ind2="0">
    <subfield code="a">Cent anys d'associacions de periodistes a l'Ebre /</subfield>
    <subfield code="c">Maria Mestre i Prat de P&#xE0;dua i Josep Bayerri Raga</subfield>
  </datafield>
  <datafield tag="264" ind1=" " ind2=" ">
    <subfield code="a">Tarragona :</subfield>
    <subfield code="b">Publicacions URV,</subfield>
    <subfield code="c">2024</subfield>
  </datafield>
  <datafield tag="300" ind1=" " ind2=" ">
    <subfield code="a">82 p&#xE0;gines :</subfield>
    <subfield code="b">il&#xB7;lustracions, fotografies en blanc i negre ;</subfield>
    <subfield code="c">24 cm</subfield>
  </datafield>
  <datafield tag="490" ind1="1" ind2=" ">
    <subfield code="a">Col&#xB7;lecci&#xF3; Campus Terres de l'Ebre</subfield>
  </datafield>
  <datafield tag="610" ind1="2" ind2="4">
    <subfield code="a">Associaci&#xF3; de la Premsa de Tortosa</subfield>
  </datafield>
  <datafield tag="650" ind1=" " ind2="7">
    <subfield code="a">Periodistes</subfield>
    <subfield code="x">Societats, etc.</subfield>
    <subfield code="z">Terres de l'Ebre (Catalunya).</subfield>
    <subfield code="2">lemac</subfield>
  </datafield>
  <datafield tag="650" ind1=" " ind2="7">
    <subfield code="a">Periodisme</subfield>
    <subfield code="z">Terres de l'Ebre (Catalunya)</subfield>
    <subfield code="x">Hist&#xF2;ria.</subfield>
    <subfield code="2">lemac</subfield>
  </datafield>
  <datafield tag="700" ind1="1" ind2=" ">
    <subfield code="a">Bayerri Raga, Josep,</subfield>
  </datafield>
  <datafield tag="830" ind1=" " ind2="0">
    <subfield code="a">Universitat Rovira i Virgili (Col&#xB7;lecci&#xF3;).</subfield>
    <subfield code="p">Campus Terres de l'Ebre ;</subfield>
    <subfield code="v">9</subfield>
  </datafield>
  <datafield tag="908" ind1=" " ind2=" ">
    <subfield code="a">URV</subfield>
  </datafield>
  <datafield tag="940" ind1=" " ind2=" ">
    <subfield code="a">URV</subfield>
  </datafield>
  <datafield tag="942" ind1=" " ind2=" ">
    <subfield code="2">udc</subfield>
    <subfield code="c">MON</subfield>
  </datafield>
  <datafield tag="952" ind1=" " ind2=" ">
    <subfield code="0">0</subfield>
    <subfield code="1">0</subfield>
    <subfield code="4">0</subfield>
    <subfield code="7">0</subfield>
    <subfield code="a">CDMR</subfield>
    <subfield code="b">CDMR</subfield>
    <subfield code="d">2024-10-29</subfield>
    <subfield code="e">Donaci&#xF3;</subfield>
    <subfield code="g">11.00</subfield>
    <subfield code="l">1</subfield>
    <subfield code="o">Du 8/59</subfield>
    <subfield code="p">CDMR24101265</subfield>
    <subfield code="r">2025-01-27</subfield>
    <subfield code="s">2025-01-13</subfield>
    <subfield code="w">2024-10-29</subfield>
    <subfield code="y">MON</subfield>
  </datafield>
</record>
